Fast Typing Animals - Statistics

General Stats
  • This quiz has been taken 711 times
  • The average score is 16 of 16
Answer Stats
Hint Answer % Correct
Cow Cow
100%
Bull Bull
99%
Cat Cat
99%
Chicken Chicken
99%
Dog Dog
99%
Donkey Donkey
99%
Farmer Farmer
99%
Goat Goat
99%
Horse Horse
99%
Pig Pig
99%
Rooster Rooster
99%
Sheep Sheep
99%
Duck Duck
98%
Mouse Mouse
98%
Rabbit Rabbit
98%
Turkey Turkey
98%
No matching quizzes found
Score Distribution
Percent of People with Each Score
Percentile by Number Answered
Your Score History
You have not taken this quiz